ARRUPE JESUIT UNIVERSITY

CORONAVIRUS -STOP THE SPREAD - CLEAN,DISINFECT,COVER

Where two traditions meet : (Record no. 121672)

MARC details
000 -LEADER
fixed length control field 01007cam a2200301 i 4500
001 - CONTROL NUMBER
control field 18173022
003 - CONTROL NUMBER IDENTIFIER
control field ARRUPE
005 - DATE AND TIME OF LATEST TRANSACTION
control field 20150930151102.0
008 - FIXED-LENGTH DATA ELEMENTS--GENERAL INFORMATION
fixed length control field 140602s2013 ie a b 001 0deng
010 ## - LIBRARY OF CONGRESS CONTROL NUMBER
LC control number 2014407188
020 ## - INTERNATIONAL STANDARD BOOK NUMBER
International Standard Book Number 9781856077477 (pbk.)
020 ## - INTERNATIONAL STANDARD BOOK NUMBER
International Standard Book Number 9781856078108 (hbk.)
040 ## - CATALOGING SOURCE
Original cataloging agency DLC
Language of cataloging eng
Description conventions rda
Transcribing agency DLC
042 ## - AUTHENTICATION CODE
Authentication code pcc
043 ## - GEOGRAPHIC AREA CODE
Geographic area code e-ie---
050 00 - LIBRARY OF CONGRESS CALL NUMBER
Classification number BX3750.S9M883 2013
300 ## - PHYSICAL DESCRIPTION
Other physical details illustrations ;
Dimensions 22 cm
100 1# - MAIN ENTRY--PERSONAL NAME
Personal name Morrissey, Thomas J.
9 (RLIN) 13962
245 10 - TITLE STATEMENT
Title Where two traditions meet :
Remainder of title John Sullivan, SJ, 1861-1933 /
Statement of responsibility, etc Thomas J. Morrissey.
250 ## - EDITION STATEMENT
Edition statement Revised edition.
260 ## - PUBLICATION, DISTRIBUTION, ETC. (IMPRINT)
Place of publication, distribution, etc Dublin
Name of publisher, distributor, etc The Columbia Press
Date of publication, distribution, etc 2013
300 ## - PHYSICAL DESCRIPTION
Extent 128 pages. :
504 ## - BIBLIOGRAPHY, ETC. NOTE
Bibliography, etc Includes bibliographical references and index.
600 10 - SUBJECT ADDED ENTRY--PERSONAL NAME
Personal name Sullivan, John,
Dates associated with a name 1861-1933.
9 (RLIN) 13963
650 #0 - SUBJECT ADDED ENTRY--TOPICAL TERM
Topical term or geographic name as entry element Catholics
Geographic subdivision Ireland
Form subdivision Biography.
9 (RLIN) 13964
906 ## - LOCAL DATA ELEMENT F, LDF (RLIN)
a 7
b cbc
c origcop
d 2
e ncip
f 20
g y-gencatlg
942 ## - ADDED ENTRY ELEMENTS (KOHA)
Source of classification or shelving scheme Library of Congress Classification
Koha item type Monograph ( Printed materials)
Holdings
Withdrawn status Lost status Source of classification or shelving scheme Damaged status Not for loan Collection code Home library Current library Shelving location Date acquired Total Checkouts Full call number Barcode Date last seen Price effective from Koha item type
    Library of Congress Classification     Main Collection ARRUPE LIBRARY ARRUPE LIBRARY Main Collection 14/01/2015   BX3750.S9 M883 2013 46500003259 22/11/2017 14/01/2015 Monograph ( Printed materials)

 

Arrupe Library. PO Box MP320 Mt Pleasant, Harare, Zimbabwe
263 242 745411|librarian@aju.ac.zw